| 000 | 00956cam a2200133 4500500 | ||
|---|---|---|---|
| 005 | 20260405024714.0 | ||
| 041 | _afre | ||
| 042 | _adc | ||
| 100 | 1 | 0 |
_aGhérardi, Éric _eauthor |
| 245 | 0 | 0 | _aConstitutions et vie politique de 1789 à nos jours |
| 260 |
_bArmand Colin,
_c2013. |
||
| 520 | _aLa France a connu, en un peu plus de deux siècles, pas moins de seize constitutions écrites rédigées pour vingt et un régimes différents. L’étude de l’histoire constitutionnelle et de la vie politique française permet de mieux comprendre la logique des évolutions institutionnelles, construites souvent par réaction aux expériences passées. Elle offre, en outre, un fondement indispensable à la compréhension des institutions contemporaines qui puisent leurs inspirations dans cet héritage. | ||
| 856 | 4 | 1 | _uhttps://droit.cairn.info/constitutions-et-vie-politique-de-1789-a-nos-jours--9782200288617?lang=fr&redirect-ssocas=7080 |
| 999 |
_c2140659 _d2140659 |
||